01099nam a2200301 u 450000100100000000500170001000800410002702000180006804100140008608200190010010000160011924501740013525000120030926000350032130000110035649000170036750000400038465000170042465000300044165000300047165000210050165000190052265000300054170000300057170000350060199900150063695201460065100003941120200120222335.0100706s2009 sp gr 000 0 spa d a97884968226961 a-spaheng04a615.1bS312211 aShah, Sonia10aCazadores de cuerpos :bla experimentación farmacéutica con los pobres del mundo /cSonia Shah ; prólogo: John Le Carré ; traducción: Ricardo García Pérez. a1a. ed. aMadrid :b451 Editores,c2009. a342 p. 0a451.http.doc aTítulo original: The body hunters14aMedicamentos24aMedicinaxInvestigaciones24aProductos farmacéuticos24aÉtica médica24aFarmacología27aMetabolismo de las drogas1 aLe Carré, Johnepról.1 aGarcía Pérez, Ricardoetr. c2398d2398 00102ddc40708GENaBPMOSbBPMOSd2020-01-20i106871l2m1o615.1 S31pMOS017235r2024-08-01s2024-07-23tej.1w2020-01-20yBKzOcho días